| 000 | 01097pam a2200325 a 4500 | ||
|---|---|---|---|
| 001 | 615020 | ||
| 003 | OSt | ||
| 005 | 20140310182717.0 | ||
| 008 | 920504s1992 inua b 000 0 eng | ||
| 010 | _a 92017188 | ||
| 020 |
_a0940279436 : _c$14.95 |
||
| 040 |
_aDLC _cDLC _dDLC |
||
| 050 | 0 | 0 |
_aGV 464.5 _b.F295 1997 |
| 082 | 0 | 0 |
_aM 796.44 _bF32 1992 |
| 100 | 1 |
_aFeeney, Rik, _d1958- |
|
| 245 | 1 | 0 |
_aGymnastics : _ba guide for parents and athletes _cFeeney, Rik |
| 260 |
_aIllinois, U.S.A. : _bMasters Press, _cc1997. |
||
| 300 |
_axvii, 171 p. _bill. ; _c26 cm. |
||
| 440 | 0 | _aSpalding sports library | |
| 504 | _aIncludes bibliographical references (p. 169-170). | ||
| 521 | _aCollege Students | ||
| 526 | _c120L-1700L | ||
| 541 | _j1 | ||
| 562 | _e1 | ||
| 650 | 0 | _aGymnastics for children. | |
| 856 | 4 | 2 |
_3Publisher description _uhttp://www.loc.gov/catdir/description/mh041/92017188.html |
| 906 |
_a7 _bcbc _corignew _d1 _eocip _f19 _gy-gencatlg |
||
| 942 |
_2lcc _cBK _kM |
||
| 999 |
_c15289 _d15289 |
||